Would the Russian economy turn into a lost decade?
Na minha lista:
| Autor principal: | |
|---|---|
| Outros Autores: | , |
| Formato: | Capítulo de Livro |
| Idioma: | inglês |
| Assuntos: | |
| Tags: |
Sem tags, seja o primeiro a adicionar uma tag!
|
MARC
| LEADER | 00000naa$a2200000$$$4500 | ||
|---|---|---|---|
| 001 | 0224187 | ||
| 005 | 20240502083558.0 | ||
| 041 | 0 | |a eng | |
| 044 | |a CZ | ||
| 245 | 1 | 0 | |a Would the Russian economy turn into a lost decade? |c Miloš Bikár, Katarína Vavrová, Mariana Sedliačiková |
| 610 | 2 | 0 | |a vývoj hospodársky |
| 610 | 2 | 0 | |a Rusko |
| 610 | 2 | 0 | |a politika fiškálna |
| 610 | 2 | 0 | |a politika menová |
| 610 | 2 | 0 | |a komodity |
| 610 | 2 | 0 | |a ceny |
| 610 | 2 | 0 | |a kurz menový |
| 610 | 2 | 0 | |a kurz výmenný |
| 610 | 2 | 0 | |a financie verejné |
| 610 | 2 | 0 | |a dlhy |
| 610 | 2 | 0 | |a produkt domáci hrubý |
| 100 | 1 | |a Bikár, Miloš, 1973- | |
| 700 | 1 | |a Vavrová, Katarína, 1960- | |
| 700 | 1 | |a Sedliačiková, Mariana | |